00640nam a2200193 a 450000100100000000500170001000800410002702000150006804000250008308200150010810000190012324501290014226000420027130000210031350000310033450400300036570000220039570000290041700004396020201002045051.0140512s1997 sp a r 001 0 spa d a8420652520 aDO-SdBNPbspacBNPHU axxxxbxxxx1 aEdward Roberts10aDiccionario etimológico indoeuropeo de la lengua española /cEdward Roberts, Bárbara Pastor ; prólogo Camilo José. aMadrid :bAlianza Diccionario,c1997. a360 p. ;c25 cm. aSegunda reimpresión 1997 aBibliografía : p. 21-2312aPastor, Bárbara12aJosé, Camilo,epról.